Harry Potter: le Chapeau-Aigle de Luna - Statistiques

Statistiques générales
  • Ce quiz a été pris 32 fois
  • Le résultat moyen est 5 sur 5
Statistiques - réponses
Information Réponses % Correct
Propriétaire Luna Lovegood
100%
Créatrice Luna Lovegood
100%
Première apparition Harry Potter et l’Ordre du Phénix
97%
Dernière apparition Harry Potter et l’Ordre du Phénix
97%
But Soutenir l’équipe de Quiddditch de Serdaigle
72%
Aucun quiz correspondant
Distribution des résultats
% des personnes avec chaque résultat
Percentile par nombre de réponses
Votre historique - résultats
Vous n’avez pas pris ce quiz